Представление документа в формате RUSMARC

ПолеНазваниеЗначение
  Тип записи a
  Библиографический уровень m
001 Контрольный номер a5a8d44a56394e3ebdabc030c522d361
005 Дата корректировки 20140626095930.7
010 Индекс ISBN __
a ISBN 5-7054-0027-6
200 Заглавие и сведения об ответственности 1_
a Заглавие Новое в бюджетном учете
e Сведения, относящиеся к заглавию [инструкция и комментарий]
210 Выходные данные 1_
c Издательство Финансовая газета
a Место издания М.
d Дата издания 2004
215 Физическое описание __
a Объем 263 с.
225 Серия 2_
a Серия Прил. к междунар. фин. еженедельнику "Финансовая газета"
610 Ключевые слова 0_
a Ключевые слова бюджетный учет
610 Ключевые слова 0_
a Ключевые слова бухгалтерский учет
610 Ключевые слова 0_
a Ключевые слова приказ
610 Ключевые слова 0_
a Ключевые слова 70н
610 Ключевые слова 0_
a Ключевые слова инструкция
610 Ключевые слова 0_
a Ключевые слова комментарии
686 Индексы других классификаций __
a Классификационный индекс 65.052.9(2)247
2 Код системы rubbk
801 Источник записи _0
a Страна RU
b Организация РУК
c Дата составления 20050207
g Правила каталогизации PSBO
801 Источник записи _1
a Страна RU
b Организация РУК
c Дата составления 20050207
g Правила каталогизации PSBO
852 Данные о местонахождении __
i Авторский знак Н 74
j Шифр хранения ББК 65.052
901 Тип документа __
t Тип документа m
938 Служебная информация __
a Название организации Головной вуз
b Имя БД BOOK
c Название АИБС АИБС ИРБИС